[Event "NB II. Breyer csoport"]
[Site "Naszaly"]
[Date "2023.12.10"]
[Round "3.3"]
[White "Ress, Tamas"]
[Black "Dibusz, Ferenc"]
[Result "1-0"]
[WhiteElo "2200"]
[BlackElo "2151"]
[PlyCount "99"]
[EventDate "2023.10.08"]
[EventType "team-tourn"]
[EventRounds "9"]
[EventCountry "HUN"]
[Source "chess.hu"]
[WhiteTeam "Esztergomi SC"]
[BlackTeam "Geniusz Tata-Naszaly"]
[WhiteTeamCountry "HUN"]
[BlackTeamCountry "HUN"]

1. d4 d5 2. c4 e6 3. Nc3 Nf6 4. Bg5 Be7 5. e3 Nbd7 6. cxd5 exd5 7. Bd3 O-O 8.
Qc2 c6 9. f3 Re8 10. Nge2 h6 11. h4 Nf8 12. O-O-O N6h7 13. Bxe7 Qxe7 14. e4
dxe4 15. fxe4 Nf6 16. Ng3 Ng4 17. Qd2 Be6 18. Rhf1 Qxh4 19. Nf5 Qg5 20. Rde1
Rad8 21. Qxg5 hxg5 22. d5 Ne5 23. Bc2 cxd5 24. exd5 Bxd5 25. Nxd5 Rxd5 26. Kb1
Rdd8 27. Ba4 Nc4 28. Bxe8 Nd2+ 29. Kc1 Nxf1 30. Ne7+ Kh8 31. Bxf7 Ng3 32. Re3
g6 33. Rxg3 Kg7 34. Bb3 Rd7 35. Nd5 Ne6 36. Re3 Rd6 37. Nc3 Nc5 38. Ne4 Rc6 39.
Nxc5 Rxc5+ 40. Kd2 Rb5 41. Re6 a5 42. Kc1 Kh6 43. Bc2 Kh5 44. Bxg6+ Kg4 45. Re3
b6 46. Be8 Rb4 47. Rb3 Rc4+ 48. Kd2 Rd4+ 49. Kc3 Rd6 50. Kc4 1-0

[Event "NB II. Breyer csoport"]
[Site "Naszaly"]
[Date "2023.12.10"]
[Round "3.4"]
[White "Kovacs, Gabor Etele"]
[Black "Horvath, Mario"]
[Result "1/2-1/2"]
[WhiteElo "2083"]
[BlackElo "2206"]
[PlyCount "47"]
[EventDate "2023.10.08"]
[EventType "team-tourn"]
[EventRounds "9"]
[EventCountry "HUN"]
[Source "chess.hu"]
[WhiteTeam "Geniusz Tata-Naszaly"]
[BlackTeam "Esztergomi SC"]
[WhiteTeamCountry "HUN"]
[BlackTeamCountry "HUN"]

1. e4 c5 2. Nf3 d6 3. Bb5+ Nd7 4. d4 a6 5. Bxd7+ Bxd7 6. O-O cxd4 7. Qxd4 e6 8.
Rd1 Bc6 9. c4 Nf6 10. Nc3 Be7 11. Qd3 O-O 12. Nd4 Qc7 13. Bf4 e5 14. Nxc6 bxc6
15. Bg5 Rfd8 16. Rac1 Nh5 17. Be3 g6 18. Na4 c5 19. Nc3 Ng7 20. Nd5 Qb7 21. Rc3
Ne6 22. Rb3 Qa7 23. Rb6 Bf8 24. a4 1/2-1/2

[Event "NB II. Breyer csoport"]
[Site "Naszaly"]
[Date "2023.12.10"]
[Round "3.5"]
[White "Balogh, Peter"]
[Black "Szabo-Toth, Gabor"]
[Result "0-1"]
[WhiteElo "2031"]
[BlackElo "2047"]
[PlyCount "54"]
[EventDate "2023.10.08"]
[EventType "team-tourn"]
[EventRounds "9"]
[EventCountry "HUN"]
[Source "chess.hu"]
[WhiteTeam "Esztergomi SC"]
[BlackTeam "Geniusz Tata-Naszaly"]
[WhiteTeamCountry "HUN"]
[BlackTeamCountry "HUN"]

1. e4 c5 2. Nf3 e6 3. d4 cxd4 4. Nxd4 Nf6 5. Nc3 Nc6 6. Nxc6 bxc6 7. Bd3 d5 8.
O-O Be7 9. Qf3 O-O 10. Qg3 dxe4 11. Nxe4 Nxe4 12. Bxe4 Ba6 13. Re1 Qb6 14. Bf4
Bf6 15. Bd6 Rfe8 16. Qh3 h6 17. Re3 Rad8 18. Bf4 Qxb2 19. Rae1 Bd4 20. Rb3 Qxa2
21. Bxh6 Qa5 22. Reb1 gxh6 23. Qxh6 Bg7 24. Bh7+ Kf8 25. Qc1 Be2 26. Qe3 Qd2
27. Qc5+ Qd6 0-1

[Event "NB II. Breyer csoport"]
[Site "Naszaly"]
[Date "2023.12.10"]
[Round "3.6"]
[White "Sipos, Stefania"]
[Black "Nemeth, Eugen"]
[Result "0-1"]
[WhiteElo "1733"]
[BlackElo "2013"]
[PlyCount "110"]
[EventDate "2023.10.08"]
[EventType "team-tourn"]
[EventRounds "9"]
[EventCountry "HUN"]
[Source "chess.hu"]
[WhiteTeam "Geniusz Tata-Naszaly"]
[BlackTeam "Esztergomi SC"]
[WhiteTeamCountry "HUN"]
[BlackTeamCountry "HUN"]

1. e4 c5 2. Nf3 Nc6 3. d4 cxd4 4. Nxd4 g6 5. Nc3 Bg7 6. Be3 Nf6 7. Bc4 d6 8. f3
O-O 9. Bb3 Bd7 10. Qd2 Rc8 11. O-O-O Ne5 12. Kb1 Nc4 13. Bxc4 Rxc4 14. g4 b5
15. b3 Rc5 16. Ne6 fxe6 17. Bxc5 Qc7 18. Bd4 b4 19. Ne2 e5 20. Bb2 Qc5 21. Nc1
a5 22. Nd3 Qb6 23. h4 Be6 24. h5 Bf7 25. hxg6 Bxg6 26. Rh3 Rb8 27. Qf2 Qa6 28.
Nc1 a4 29. g5 Nd7 30. Rdh1 Ra8 31. Qe2 axb3 32. Qxa6 bxc2+ 33. Kxc2 Rxa6 34.
Rd1 Nc5 35. Kb1 Bf7 36. Rh2 Ra5 37. Rdh1 Bg6 38. Rd1 Bf7 39. Ba1 Ra3 40. Rf2 d5
41. Bb2 Ra6 42. Rc2 Ra5 43. Nd3 Nxd3 44. Rc8+ Bf8 45. Rxd3 d4 46. a3 b3 47. Bc1
Be6 48. Rb8 Kf7 49. f4 exf4 50. Rf3 Bg7 51. Bxf4 Ra6 52. Bd6+ Kg6 53. Bxe7 Bc4
54. Bc5 d3 55. Rf1 d2 0-1

[Event "NB II. Breyer csoport"]
[Site "Naszaly"]
[Date "2023.12.10"]
[Round "3.7"]
[White "Kiss, Laszlo"]
[Black "Lugasi, Zoltan"]
[Result "1/2-1/2"]
[WhiteElo "1992"]
[BlackElo "2064"]
[PlyCount "82"]
[EventDate "2023.10.08"]
[EventType "team-tourn"]
[EventRounds "9"]
[EventCountry "HUN"]
[Source "chess.hu"]
[WhiteTeam "Esztergomi SC"]
[BlackTeam "Geniusz Tata-Naszaly"]
[WhiteTeamCountry "HUN"]
[BlackTeamCountry "HUN"]

1. c4 e5 2. Nc3 Nc6 3. g3 f5 4. d3 Bb4 5. Bg2 Nf6 6. a3 Bxc3+ 7. bxc3 d6 8. Nf3
O-O 9. Bg5 Qe7 10. O-O Nd8 11. Nd2 c6 12. f4 Ne6 13. fxe5 Nxg5 14. exf6 Qe3+
15. Kh1 Rxf6 16. Nf3 Ne6 17. Qd2 Qxd2 18. Nxd2 Bd7 19. Rab1 b6 20. Rf2 Re8 21.
Rbf1 Nc5 22. Nf3 Na4 23. Rc1 c5 24. Ng5 h6 25. Bd5+ Kh8 26. Nf3 Re3 27. Ng1 g5
28. Rf3 Re7 29. e4 Kg7 30. Rc2 fxe4 31. Bxe4 b5 32. Rxf6 Kxf6 33. cxb5 Bxb5 34.
c4 Ba6 35. Kg2 Bb7 36. Rf2+ Kg7 37. Bf3 Nc3 38. Rc2 Nd1 39. Re2 Bxf3+ 40. Kxf3
Rf7+ 41. Kg2 Nc3 1/2-1/2

[Event "NB II. Breyer csoport"]
[Site "Naszaly"]
[Date "2023.12.10"]
[Round "3.8"]
[White "Kovacs, Reka"]
[Black "Petervari, Szabolcs"]
[Result "1-0"]
[WhiteElo "1612"]
[BlackElo "1997"]
[PlyCount "111"]
[EventDate "2023.10.08"]
[EventType "team-tourn"]
[EventRounds "9"]
[EventCountry "HUN"]
[Source "chess.hu"]
[WhiteTeam "Geniusz Tata-Naszaly"]
[BlackTeam "Esztergomi SC"]
[WhiteTeamCountry "HUN"]
[BlackTeamCountry "HUN"]

1. e4 d6 2. d4 Nf6 3. Nc3 g6 4. Be3 a6 5. f3 b5 6. g4 Bb7 7. Qd2 h5 8. g5 Nfd7
9. d5 c5 10. dxc6 Nxc6 11. Nge2 Nde5 12. Bg2 Nc4 13. Qc1 Nxe3 14. Qxe3 Bg7 15.
f4 Na5 16. Rb1 Nc4 17. Qf2 b4 18. Na4 Bc6 19. b3 Na3 20. Rc1 Bxa4 21. bxa4 Bb2
22. Rd1 Nxc2+ 23. Kf1 Qc7 24. e5 Rd8 25. e6 fxe6 26. Be4 Na3 27. Bxg6+ Kd7 28.
Ng3 Bc3 29. Bxh5 Rdf8 30. Kg2 Be5 31. Rc1 Qb8 32. Qe2 Bxf4 33. Bg4 Qb7+ 34. Bf3
d5 35. Rce1 Qb6 36. Bg4 Be5 37. Bxe6+ Qxe6 38. Qxe5 Qxe5 39. Rxe5 e6 40. h4 Nc4
41. Re2 Rhg8 42. Rf1 Rxf1 43. Kxf1 a5 44. Nh5 Kd6 45. Nf6 Rg6 46. Kf2 d4 47. h5
Rxf6+ 48. gxf6 d3 49. Re1 d2 50. Rd1 Ne5 51. Rxd2+ Kc5 52. Kg3 b3 53. axb3 Kb4
54. h6 Kxb3 55. h7 Nf7 56. Rd7 1-0

[Event "NB II. Breyer csoport"]
[Site "Naszaly"]
[Date "2023.12.10"]
[Round "3.9"]
[White "Szabo, Lajos"]
[Black "Kossela, Peter"]
[Result "1/2-1/2"]
[WhiteElo "2002"]
[BlackElo "1833"]
[PlyCount "42"]
[EventDate "2023.10.08"]
[EventType "team-tourn"]
[EventRounds "9"]
[EventCountry "HUN"]
[Source "chess.hu"]
[WhiteTeam "Esztergomi SC"]
[BlackTeam "Geniusz Tata-Naszaly"]
[WhiteTeamCountry "HUN"]
[BlackTeamCountry "HUN"]

1. c4 Nf6 2. Nc3 c5 3. Nf3 d5 4. cxd5 Nxd5 5. Qb3 e6 6. e4 Nc7 7. Be2 Nc6 8.
O-O Be7 9. Rd1 O-O 10. Nb5 e5 11. Nxc7 Qxc7 12. Bb5 Be6 13. Qc3 f6 14. Bc4 Qd7
15. d3 Rac8 16. Be3 b6 17. a3 Na5 18. Bxe6+ Qxe6 19. Nd2 Nc6 20. Rac1 Rfd8 21.
Qc4 Kf7 1/2-1/2

[Event "NB II. Breyer csoport"]
[Site "Naszaly"]
[Date "2023.12.10"]
[Round "3.10"]
[White "Eros, Vivien"]
[Black "Zsitva, Norbert"]
[Result "0-1"]
[WhiteElo "1769"]
[BlackElo "1952"]
[PlyCount "120"]
[EventDate "2023.10.08"]
[EventType "team-tourn"]
[EventRounds "9"]
[EventCountry "HUN"]
[Source "chess.hu"]
[WhiteTeam "Geniusz Tata-Naszaly"]
[BlackTeam "Esztergomi SC"]
[WhiteTeamCountry "HUN"]
[BlackTeamCountry "HUN"]

1. d4 d5 2. Bf4 Nf6 3. e3 c5 4. c3 Nc6 5. Bd3 Qb6 6. Qc1 Bg4 7. Nd2 e6 8. Ngf3
Be7 9. h3 Bh5 10. O-O O-O 11. Re1 Rac8 12. Bc2 Rfd8 13. Ne5 Nxe5 14. Bxe5 Nd7
15. Bh2 Bg6 16. Bxg6 hxg6 17. Nf3 Bf6 18. Qd2 Qc6 19. Rad1 b5 20. Rc1 a5 21.
Bf4 Qb7 22. Bg5 Rc7 23. Bxf6 Nxf6 24. Ne5 Rdc8 25. dxc5 Rxc5 26. f3 Qc7 27. Nd3
Rc4 28. Rf1 Nd7 29. Rfe1 Ne5 30. Nxe5 Qxe5 31. Kf2 f5 32. Kg1 Qc7 33. Red1 b4
34. Re1 Qc5 35. Kh1 Kf7 36. Qd3 Rc7 37. Qd2 bxc3 38. Rxc3 Rxc3 39. Qxc3 Qxc3
40. bxc3 Rxc3 41. Re2 a4 42. Kg1 a3 43. Kf2 Kf6 44. Ke1 Rd3 45. Kf2 e5 46. Rc2
Rd1 47. Ke2 Rb1 48. Kd3 e4+ 49. fxe4 dxe4+ 50. Kc3 Rd1 51. Re2 Rd3+ 52. Kc2 g5
53. g4 g6 54. Re1 Ke5 55. Re2 f4 56. exf4+ gxf4 57. Rh2 Rg3 58. Kd2 Kd4 59. Ke2
Rg1 60. Rf2 f3+ 0-1

[Event "NB II. Breyer csoport"]
[Site "Naszaly"]
[Date "2023.12.10"]
[Round "3.11"]
[White "Kovacs, Geza"]
[Black "Vancsisin, Mark"]
[Result "0-1"]
[WhiteElo "1962"]
[BlackElo "1803"]
[PlyCount "64"]
[EventDate "2023.10.08"]
[EventType "team-tourn"]
[EventRounds "9"]
[EventCountry "HUN"]
[Source "chess.hu"]
[WhiteTeam "Esztergomi SC"]
[BlackTeam "Geniusz Tata-Naszaly"]
[WhiteTeamCountry "HUN"]
[BlackTeamCountry "HUN"]

1. e4 e5 2. Nf3 Nc6 3. c3 d5 4. Qa4 f6 5. Bb5 Nge7 6. d3 a6 7. Be3 Be6 8. Bxc6+
Nxc6 9. Nbd2 Be7 10. Rd1 O-O 11. d4 Qe8 12. dxe5 fxe5 13. Qb3 Na5 14. Qc2 Qg6
15. Qa4 Nc6 16. O-O b5 17. Qc2 Rad8 18. b3 dxe4 19. Ne1 b4 20. Rc1 bxc3 21.
Qxc3 Nd4 22. Bxd4 exd4 23. Qg3 Qxg3 24. hxg3 Bg5 25. f4 exf3 26. Nexf3 Be3+ 27.
Kh1 Rf6 28. Rcd1 Bg4 29. Nc4 Rh6+ 30. Nh2 Bxd1 31. Rxd1 Bf2 32. Rd3 Re8 0-1

[Event "NB II. Breyer csoport"]
[Site "Naszaly"]
[Date "2023.12.10"]
[Round "3.12"]
[White "Toth, Kincso"]
[Black "Fekete, Laszlo"]
[Result "1/2-1/2"]
[WhiteElo "1739"]
[BlackElo "1850"]
[PlyCount "61"]
[EventDate "2023.10.08"]
[EventType "team-tourn"]
[EventRounds "9"]
[EventCountry "HUN"]
[Source "chess.hu"]
[WhiteTeam "Geniusz Tata-Naszaly"]
[BlackTeam "Esztergomi SC"]
[WhiteTeamCountry "HUN"]
[BlackTeamCountry "HUN"]

1. e4 c5 2. d4 cxd4 3. c3 dxc3 4. Nxc3 Nc6 5. Nf3 e6 6. Bc4 Qc7 7. O-O Nf6 8.
Nb5 Qb8 9. e5 Nxe5 10. Bf4 d6 11. Rc1 Bd7 12. Be2 Bxb5 13. Bxb5+ Ned7 14. Re1
a6 15. Ba4 Be7 16. Ng5 O-O 17. Bb3 e5 18. Bg3 h6 19. Nf3 g6 20. Nh4 Kg7 21. f4
Nh5 22. f5 Nxg3 23. hxg3 g5 24. Nf3 Nf6 25. Qd2 Ng8 26. Qd5 Nf6 27. Qd2 Ng8 28.
Qd5 Ra7 29. Rc2 Nf6 30. Qd2 Ng8 31. Qd5 1/2-1/2

[Event "NB II. Breyer csoport"]
[Site "Torokbalint,"]
[Date "2024.02.18"]
[Round "4.1"]
[White "Szabo, Marton Mihaly"]
[Black "Dupsky, Laszlo"]
[Result "1/2-1/2"]
[WhiteElo "2284"]
[BlackElo "2184"]
[PlyCount "56"]
[EventDate "2023.10.08"]
[EventType "team-tourn"]
[EventRounds "9"]
[EventCountry "HUN"]
[Source "chess.hu"]
[WhiteTeam "Esztergomi SC"]
[BlackTeam "Torokbalinti Sakk SE"]
[WhiteTeamCountry "HUN"]
[BlackTeamCountry "HUN"]

1. e4 d5 2. exd5 Nf6 3. Nf3 Nxd5 4. d4 g6 5. c4 Nb6 6. Nc3 Bg7 7. c5 Nd5 8. Bc4
Nxc3 9. bxc3 O-O 10. O-O b6 11. cxb6 axb6 12. Re1 Bb7 13. Bg5 Bf6 14. Bh6 Re8
15. Qb3 e6 16. d5 exd5 17. Rxe8+ Qxe8 18. Re1 Qd8 19. Bxd5 Bxd5 20. Qxd5 Na6
21. Qc6 Nc5 22. Nd4 Rc8 23. g3 Bg7 24. Bxg7 Kxg7 25. h4 h5 26. Nb3 Ne6 27. c4
Qf6 28. Rd1 Rd8 1/2-1/2

[Event "NB II. Breyer csoport"]
[Site "Torokbalint,"]
[Date "2024.02.18"]
[Round "4.2"]
[White "Bereczki, Istvan"]
[Black "Szabo, Abel"]
[Result "1/2-1/2"]
[WhiteElo "2044"]
[BlackElo "2109"]
[PlyCount "75"]
[EventDate "2023.10.08"]
[EventType "team-tourn"]
[EventRounds "9"]
[EventCountry "HUN"]
[Source "chess.hu"]
[WhiteTeam "Torokbalinti Sakk SE"]
[BlackTeam "Esztergomi SC"]
[WhiteTeamCountry "HUN"]
[BlackTeamCountry "HUN"]

1. d4 Nf6 2. c4 e6 3. a3 d5 4. Nf3 c6 5. Qc2 Bd6 6. e3 Nbd7 7. Be2 O-O 8. O-O
Qe7 9. Nc3 e5 10. cxd5 cxd5 11. dxe5 Nxe5 12. Nb5 Bb8 13. Bd2 Nxf3+ 14. Bxf3
Qe5 15. g3 Ne4 16. Bb4 Re8 17. Rfd1 Qf5 18. Nd4 Qf6 19. Qa4 Qe5 20. Bg2 Rd8 21.
Rac1 Bd6 22. Bxd6 Rxd6 23. f4 Qe7 24. Rxc8+ Rxc8 25. Nf5 Qd7 26. Qxd7 Rxd7 27.
Bxe4 g6 28. Rxd5 Rc1+ 29. Kg2 Rxd5 30. Ne7+ Kf8 31. Nxd5 f5 32. Bf3 Rc2+ 33.
Kh3 Rxb2 34. Nf6 Kg7 35. Ne8+ Kf8 36. Nf6 Kg7 37. Ne8+ Kf8 38. Nf6 1/2-1/2

[Event "NB II. Breyer csoport"]
[Site "Torokbalint,"]
[Date "2024.02.18"]
[Round "4.3"]
[White "Ress, Tamas"]
[Black "Kovacs, Zsolt"]
[Result "1-0"]
[WhiteElo "2209"]
[BlackElo "1870"]
[PlyCount "95"]
[EventDate "2023.10.08"]
[EventType "team-tourn"]
[EventRounds "9"]
[EventCountry "HUN"]
[Source "chess.hu"]
[WhiteTeam "Esztergomi SC"]
[BlackTeam "Torokbalinti Sakk SE"]
[WhiteTeamCountry "HUN"]
[BlackTeamCountry "HUN"]

1. d4 Nf6 2. Bg5 d5 3. Bxf6 exf6 4. e3 Be6 5. Bd3 c5 6. dxc5 Qa5+ 7. c3 Qxc5 8.
Nf3 Nc6 9. Nbd2 Ne5 10. Nb3 Nxd3+ 11. Qxd3 Qb6 12. O-O Be7 13. Nbd4 O-O 14. a4
a5 15. Nb5 Rac8 16. Nfd4 g6 17. Rfb1 f5 18. b4 Bf6 19. Ne2 Qa6 20. bxa5 Rfd8
21. Qd1 Qxa5 22. Nbd4 Qa6 23. Qb3 Rd7 24. g3 Rdc7 25. a5 Ra8 26. Nf4 Bxd4 27.
cxd4 Qd6 28. Qb6 Ra6 29. Qxd6 Rxd6 30. Nd3 Ra6 31. Nc5 Ra7 32. Kf1 Kf8 33. Ke2
Ke7 34. Kd2 Bc8 35. Rb6 Be6 36. Kc3 Rc6 37. Rxc6 bxc6 38. a6 Bc8 39. Kb4 Kd6
40. Ka5 Kc7 41. Rb1 Ra8 42. Rb6 Ra7 43. Nd3 Bd7 44. h4 f6 45. h5 g5 46. h6 Be8
47. Nc5 Bh5 48. Ne6+ 1-0

[Event "NB II. Breyer csoport"]
[Site "Torokbalint,"]
[Date "2024.02.18"]
[Round "4.4"]
[White "Kazinczy, Jeno"]
[Black "Szucs, Vladimir"]
[Result "0-1"]
[WhiteElo "1788"]
[BlackElo "2067"]
[PlyCount "68"]
[EventDate "2023.10.08"]
[EventType "team-tourn"]
[EventRounds "9"]
[EventCountry "HUN"]
[Source "chess.hu"]
[WhiteTeam "Torokbalinti Sakk SE"]
[BlackTeam "Esztergomi SC"]
[WhiteTeamCountry "HUN"]
[BlackTeamCountry "HUN"]

1. e4 c5 2. d4 cxd4 3. c3 dxc3 4. Nxc3 Nc6 5. Nf3 g6 6. Bc4 Bg7 7. O-O d6 8.
Re1 Nf6 9. e5 dxe5 10. Qxd8+ Nxd8 11. Nb5 O-O 12. Nc7 Rb8 13. Nxe5 Bf5 14. Bg5
Rc8 15. Nd5 Nxd5 16. Bxd5 Rc7 17. Bb3 Be6 18. Bf4 Rc8 19. Rac1 Rxc1 20. Rxc1
Bxb3 21. axb3 Ne6 22. Bg3 Rd8 23. Kf1 h5 24. Nc4 Rc8 25. Ra1 a6 26. Re1 Kf8 27.
Ne5 Nd4 28. b4 Ke8 29. Re4 Rc1+ 30. Re1 Rxe1+ 31. Kxe1 Nc2+ 32. Kd2 Nxb4 33.
Kc3 Nc6 34. f4 g5 0-1

[Event "NB II. Breyer csoport"]
[Site "Torokbalint,"]
[Date "2024.02.18"]
[Round "4.5"]
[White "Balogh, Peter"]
[Black "Bilibok, Csaba"]
[Result "0-1"]
[WhiteElo "1995"]
[BlackElo "1710"]
[PlyCount "74"]
[EventDate "2023.10.08"]
[EventType "team-tourn"]
[EventRounds "9"]
[EventCountry "HUN"]
[Source "chess.hu"]
[WhiteTeam "Esztergomi SC"]
[BlackTeam "Torokbalinti Sakk SE"]
[WhiteTeamCountry "HUN"]
[BlackTeamCountry "HUN"]

1. e4 e5 2. Nf3 d6 3. d4 Bg4 4. dxe5 Bxf3 5. Qxf3 dxe5 6. Bc4 Qf6 7. Qb3 b6 8.
O-O c6 9. Nc3 Nd7 10. a4 Nc5 11. Qa2 Qg6 12. f4 exf4 13. Bxf4 Ne6 14. Nb5 Bc5+
15. Kh1 cxb5 16. Bd5 Rc8 17. axb5 Ne7 18. Bb7 Nxf4 19. Rxf4 Rc7 20. Qxa7 O-O
21. Qa6 Bd6 22. Rf2 Qh6 23. g3 Bxg3 24. Rg2 Be5 25. c3 Rb8 26. Bd5 Nxd5 27.
exd5 Rd8 28. Re1 Re7 29. Qa1 f5 30. c4 f4 31. Qd1 Bd6 32. Rxe7 Bxe7 33. Qf3 Bd6
34. Re2 Qg6 35. h3 Re8 36. Rg2 Qb1+ 37. Kh2 Re1 0-1

[Event "NB II. Breyer csoport"]
[Site "Torokbalint,"]
[Date "2024.02.18"]
[Round "4.6"]
[White "Labancz, Janos"]
[Black "Petervari, Szabolcs"]
[Result "0-1"]
[WhiteElo "1659"]
[BlackElo "1953"]
[PlyCount "130"]
[EventDate "2023.10.08"]
[EventType "team-tourn"]
[EventRounds "9"]
[EventCountry "HUN"]
[Source "chess.hu"]
[WhiteTeam "Torokbalinti Sakk SE"]
[BlackTeam "Esztergomi SC"]
[WhiteTeamCountry "HUN"]
[BlackTeamCountry "HUN"]

1. d4 Nf6 2. c4 e6 3. Nc3 Bb4 4. Nf3 O-O 5. Qc2 b6 6. g3 Bb7 7. Bg2 c5 8. O-O
cxd4 9. Nxd4 Bxg2 10. Kxg2 Qc8 11. Qd3 Nc6 12. Nf3 Bxc3 13. Qxc3 Na5 14. b3 d5
15. Nd2 dxc4 16. bxc4 Qc6+ 17. Kg1 Rac8 18. Ba3 Rfe8 19. Rac1 Ne4 20. Nxe4 Qxe4
21. Qd3 Rxc4 22. Rxc4 Qxc4 23. Qd7 Qc6 24. Qxa7 Ra8 25. Qe7 Qa4 26. Rc1 Nc4 27.
Bb4 Re8 28. Qc7 b5 29. Qc6 Rd8 30. Qc5 h6 31. a3 Kh7 32. Re1 Rd1 33. Kf1 Qa8
34. f3 Rd5 35. Qe7 Rf5 36. Kf2 Ne5 37. f4 Ng4+ 38. Kg1 Ne3 39. Kf2 Qe4 40. Bc5
Ng4+ 41. Kg1 Qc4 42. Bf2 Qc2 43. h3 Nxf2 44. Kxf2 g5 45. Qd6 gxf4 46. gxf4 e5
47. Qd3 Qxd3 48. exd3 Rxf4+ 49. Kg3 f6 50. Rb1 Rd4 51. Rb3 Kg6 52. Kg2 Kg5 53.
Rxb5 Rxd3 54. a4 Ra3 55. Ra5 Kf4 56. Ra6 Ra2+ 57. Kf1 f5 58. Rxh6 Kf3 59. Ke1
Rxa4 60. Rh5 Re4+ 61. Kf1 f4 62. Rg5 Ra4 63. Rxe5 Ra1+ 64. Re1 Rxe1+ 65. Kxe1
Kg2 0-1

[Event "NB II. Breyer csoport"]
[Site "Torokbalint,"]
[Date "2024.02.18"]
[Round "4.7"]
[White "Szabo, Lajos"]
[Black "Nagy, Botond"]
[Result "1-0"]
[WhiteElo "1996"]
[BlackElo "1705"]
[PlyCount "79"]
[EventDate "2023.10.08"]
[EventType "team-tourn"]
[EventRounds "9"]
[EventCountry "HUN"]
[Source "chess.hu"]
[WhiteTeam "Esztergomi SC"]
[BlackTeam "Torokbalinti Sakk SE"]
[WhiteTeamCountry "HUN"]
[BlackTeamCountry "HUN"]

1. c4 e5 2. Nc3 Nc6 3. Nf3 g6 4. d4 exd4 5. Nxd4 Bg7 6. Nxc6 bxc6 7. g3 Ne7 8.
Bg2 O-O 9. O-O h6 10. Qb3 d6 11. Rd1 Qe8 12. e4 Be6 13. Ne2 Rb8 14. Qc2 f5 15.
Nf4 Bf7 16. Ne2 Rb4 17. Nc3 Bxc4 18. Be3 a6 19. Qd2 Kh7 20. Rac1 Rb8 21. b3 Be6
22. Qd3 a5 23. Ne2 fxe4 24. Bxe4 d5 25. Bg2 Bf5 26. Qd2 Bg4 27. Re1 Nf5 28. Bc5
Rf6 29. Nf4 Qf7 30. Qxa5 g5 31. Nd3 Rg6 32. Ne5 Bxe5 33. Rxe5 Nd6 34. Rce1 Rb5
35. Qc3 Re6 36. Bxd6 cxd6 37. Rxe6 Bxe6 38. Qxc6 Bd7 39. Qxd6 Kg8 40. Re7 1-0

[Event "NB II. Breyer csoport"]
[Site "Torokbalint,"]
[Date "2024.02.18"]
[Round "4.8"]
[White "Nagy, Levente"]
[Black "Meszarosova, Eva"]
[Result "0-1"]
[WhiteElo "1654"]
[BlackElo "1967"]
[PlyCount "58"]
[EventDate "2023.10.08"]
[EventType "team-tourn"]
[EventRounds "9"]
[EventCountry "HUN"]
[Source "chess.hu"]
[WhiteTeam "Torokbalinti Sakk SE"]
[BlackTeam "Esztergomi SC"]
[WhiteTeamCountry "HUN"]
[BlackTeamCountry "HUN"]

1. e4 d5 2. exd5 Qxd5 3. Nc3 Qa5 4. g3 Nf6 5. Bg2 c6 6. Nf3 Bf5 7. O-O e6 8. d4
Nbd7 9. a3 Bd6 10. Ne2 Rd8 11. c4 e5 12. Re1 O-O 13. Bd2 Qc7 14. c5 Be7 15.
Nxe5 Nxe5 16. dxe5 Ng4 17. Qc1 Bxc5 18. Qxc5 Rxd2 19. Bh3 Qd7 20. Qc3 Rd8 21.
Bg2 Rc2 22. Qb4 h5 23. Be4 Nxe5 24. Red1 Qxd1+ 25. Rxd1 Rxd1+ 26. Kg2 Rc4 27.
Qb3 Bxe4+ 28. f3 Bxf3+ 29. Kf2 Rd2 0-1

[Event "NB II. Breyer csoport"]
[Site "Torokbalint,"]
[Date "2024.02.18"]
[Round "4.9"]
[White "Kovacs, Geza"]
[Black "Pilis, Peter"]
[Result "1-0"]
[WhiteElo "1944"]
[BlackElo "1512"]
[PlyCount "47"]
[EventDate "2023.10.08"]
[EventType "team-tourn"]
[EventRounds "9"]
[EventCountry "HUN"]
[Source "chess.hu"]
[WhiteTeam "Esztergomi SC"]
[BlackTeam "Torokbalinti Sakk SE"]
[WhiteTeamCountry "HUN"]
[BlackTeamCountry "HUN"]

1. e4 c5 2. Nf3 Nc6 3. c3 d5 4. exd5 Qxd5 5. d4 cxd4 6. cxd4 Nf6 7. Nc3 Qd8 8.
d5 Nb4 9. Qa4+ Bd7 10. Qxb4 Qc7 11. Bb5 e6 12. Bxd7+ Nxd7 13. Qa4 O-O-O 14. Be3
Nc5 15. Bxc5 Bxc5 16. O-O Kb8 17. Nb5 Qb6 18. b4 Bd6 19. Nxd6 Qxd6 20. dxe6
Qxe6 21. Rfe1 Qf6 22. Rad1 g5 23. Qb5 g4 24. Qe5+ 1-0

[Event "NB II. Breyer csoport"]
[Site "Torokbalint,"]
[Date "2024.02.18"]
[Round "4.10"]
[White "Kovacs, David Akos"]
[Black "Fekete, Laszlo"]
[Result "0-1"]
[WhiteElo "1322"]
[BlackElo "1840"]
[PlyCount "66"]
[EventDate "2023.10.08"]
[EventType "team-tourn"]
[EventRounds "9"]
[EventCountry "HUN"]
[Source "chess.hu"]
[WhiteTeam "Torokbalinti Sakk SE"]
[BlackTeam "Esztergomi SC"]
[WhiteTeamCountry "HUN"]
[BlackTeamCountry "HUN"]

1. e4 c5 2. Nf3 a6 3. d4 cxd4 4. Nxd4 Nf6 5. Nc3 e5 6. Nf3 Bb4 7. Bd3 O-O 8.
Bd2 Bxc3 9. Bxc3 d6 10. h3 Nbd7 11. O-O b5 12. a4 bxa4 13. Rxa4 Nc5 14. Rc4 Be6
15. Rxc5 dxc5 16. Nxe5 c4 17. Nxc4 Bxc4 18. Bxc4 Nxe4 19. Bb4 Re8 20. Bd5 Rb8
21. Ba3 Qg5 22. Bxe4 Rxe4 23. Qd6 Qb5 24. Rd1 Rbe8 25. Rd5 Qf1+ 26. Kh2 Qxf2
27. Rd2 Re2 28. Rxe2 Qxe2 29. Qc6 Qe6 30. Qb7 Qe5+ 31. Kh1 Qf4 32. Qb4 Qc1+ 33.
Kh2 Qxc2 0-1

[Event "NB II. Breyer csoport"]
[Site "Budapest"]
[Date "2024.02.18"]
[Round "4.1"]
[White "Giang, Tran Nam"]
[Black "Orgovan, Sandor"]
[Result "0-1"]
[WhiteElo "2135"]
[BlackElo "2133"]
[PlyCount "78"]
[EventDate "2023.10.08"]
[EventType "team-tourn"]
[EventRounds "9"]
[EventCountry "HUN"]
[Source "chess.hu"]
[WhiteTeam "Geniusz Tata-Naszaly"]
[BlackTeam "Varosgazda Akademia"]
[WhiteTeamCountry "HUN"]
[BlackTeamCountry "HUN"]

1. e4 c5 2. Nf3 Nc6 3. d4 cxd4 4. Nxd4 Qb6 5. Nb3 Nf6 6. Nc3 e6 7. Qe2 d6 8.
Be3 Qc7 9. O-O-O a6 10. g4 Be7 11. g5 Nd7 12. f4 b5 13. h4 Bb7 14. Bh3 b4 15.
Nd5 exd5 16. exd5 Nce5 17. fxe5 Nxe5 18. Kb1 O-O 19. h5 Bc8 20. g6 Bxh3 21.
gxh7+ Kxh7 22. Rxh3 Qc4 23. Qf2 Qg4 24. Rdh1 Qe4 25. Nd2 Qxd5 26. Qf5+ Kh8 27.
Ne4 Qe6 28. Qf1 Nc4 29. Bd4 f6 30. Rh4 d5 31. h6 g6 32. Ng5 Qd6 33. Qg2 Rae8
34. Re1 Bd8 35. Rxe8 Rxe8 36. Nf7+ Kh7 37. Rh1 Qe6 38. Ng5+ fxg5 39. Qf2 Qf5
0-1